Statistiques concernant Quiz sur les Hautes-Pyrénées

Cliquez ici pour prendre le quiz!

Statistiques générales

  • Ce quiz a été pris 288 fois
  • Le résultat moyen est 14 sur 20

Statistiques - réponses

QuestionRéponse% Correct
Numéro du département65
99%
RégionOccitanie
99%
Préfecture et plus grande villeTarbes
98%
Deuxième ville du département, mondialement connue comme lieu de pèlerinage.Lourdes
96%
Pays limitropheEspagne
94%
Gers
88%
Pyrénées-Atlantiques
88%
Sommet célèbre pour son observatoire et son planétarium, le plus haut d'Europe.Pic du Midi de Bigorre
87%
Cirque naturel inscrit au Patrimoine mondial de l'Unesco.Gavarnie
85%
Départements limitrophesHaute-Garonne
81%
Guerrier franc qui selon la légende aurait créé une brèche dans les Pyrénées avec son épée Durandal, dans l'actuel territoire des Hautes-Pyrénées.Roland
62%
Les Hautes-Pyrénées sont le département qui ont accueilli le plus de fois cette compétition, hors Paris.Tour de France
59%
Bagnères-de-Bigorre
57%
Légumineuse des Hautes-Pyrénées ayant obtenu le Label Rouge en 1997 et pouvant être utilisé pour une spécialité du Languedoc.Haricot tarbais
55%
Instrument indissociable d'Yvette Horner, née dans le département.Accordéon
53%
GentiléHaut-Pyrénéens / Bigourdans
50%
Sous-préfecturesArgelès-Gazost
42%
La Gourgue d'Asque est également appelée ''La Petite ... des Pyrénées'' en raison de sa végétation exubérante.Amazonie
38%
Plus grand domaine skiable des Pyrénées.Domaine du Tourmalet
33%
Nombre d'habitants (arrondi à la dizaine de milliers d'habitants)230 000 (229 191)
31%

Distribution des résultats

Percentile par nombre de réponses

% des personnes avec chaque résultat

Votre développement - résultats

Vous n’avez pas pris ce quiz